| 000 | 00000nam##2200000za#4500 |
| 001 | 9.681334 |
| 003 | CaOODSP |
| 005 | 20200330070613 |
| 007 | ta |
| 008 | 150407|2000||||xxc||||| f|0| 0 fre|d |
| 020 | |a0-662-85301-6 |
| 040 | |aCaOODSP|bfre |
| 043 | |an-cn--- |
| 086 | 1 |aH39-560/2000F |
| 110 | 1 |aCanada.|bSanté Canada. |bDirection générale de la santé des Premières nations et des Inuits. |
| 245 | 10|aFonds pour l'adaptation des services de santé, projet NA108: Soins à domicile des Premières nations et des Inuits: rapport final |
| 260 | |aOttawa - Ontario : |bSanté Canada. |c2000. |
| 300 | |a81p. : |bfigures, ill. ; |c28 cm. |
| 500 | |a«Santé Canada et les Premières nations et les Inuits ont déterminé que les soins à domicile et en milieu communautaire constituaient une lacune importante des services de santé; en 1998, ils ont créé un partenariat à la suite d'une proposition présentée au Fonds pour l'adaptation des services de santé en vue de mettre sur pied un projet pilote de soins à domicile. Les responsables de cinq sites pilotes regroupant huit communautés des Premières nations, différentes sur le plan géographique et culturel, ont participé au projet.»--Préface. |
| 563 | |aReliure à spirale |
| 590 | |a01-05|b2001-02-02 |
| 691 | 07|aSoins de santé|2gcpds |
| 691 | 07|aServices communautaires|2gcpds |
| 691 | 07|aAutochtones|2gcpds |
| 691 | 07|aFinancement|2gcpds |
| 775 | 08|tHealth Transition Fund Project NA108: First Nations and Inuit Home Care: final report |w(CaOODSP)9.647951 |
| 776 | 0#|tRapport final, Fonds pour l'adaptation des services de santé, projet NA108 : |w(CaOODSP)9.639985 |